Nalaganje...

Free banking monetary reform

Bibliografske podrobnosti
Glavni avtor: Glasner, David
Format: Printed Book
Jezik:Undetermined
Izdano: New York Cambridge university press 1989
LEADER 00536nam a2200145Ia 4500
008 161229s9999 xx 000 0 und d
020 |a 0521361753 
082 |a 332.46 GLA/FR 
100 |a Glasner, David 
245 |a Free banking monetary reform 
260 |b Cambridge university press  |a New York  |c 1989 
300 |a xvi, 276 
942 |c BK 
999 |c 152851  |d 152851 
952 |0 0  |1 0  |4 0  |6 332_460000000000000_GLAFR  |7 0  |9 151917  |a KAUCLV  |b KAUCLV  |d 2016-12-29  |o 332.46 GLA/FR  |p 904160  |r 2016-12-29  |w 2016-12-29  |y BK  |z Book transferred from CCBM Library ,Acc.No:2178